000 00415nam a2200157 i 4500
001 151092
003 ES-MaACL
005 20230906203830.0
007 t|
008 071205s1920 fr ||||1| fre d
100 1 _aArnoux, Alexandre.
_923122
245 1 0 _aIndice 33
_b: roman /
_cAlexandre Arnoux.
260 _aParis :
_bA. Fayard et Cie,
_c[1920?]
300 _a249 p. ;
_c18 cm.
852 _aES-MaACL
_jF-3349
999 _c151092
_d151092